Կլիոյի հովանու ներքո ։ (Record no. 534548)
[ view plain ]
| 000 -LEADER | |
|---|---|
| fixed length control field | 01268nam a2200301 a 4500 |
| 001 - CONTROL NUMBER | |
| control field | 2014921 |
| 003 - CONTROL NUMBER IDENTIFIER | |
| control field | AM-YeHGA |
| 005 - DATE AND TIME OF LATEST TRANSACTION | |
| control field | 20250908133646.0 |
| 008 - FIXED-LENGTH DATA ELEMENTS--GENERAL INFORMATION | |
| fixed length control field | 250414m2024 ai |||||||||||00||0|arm|d |
| 020 ## - INTERNATIONAL STANDARD BOOK NUMBER | |
| International Standard Book Number | 9789939051765 |
| 040 ## - CATALOGING SOURCE | |
| Original cataloging agency | AM-YeHGA |
| 041 0# - LANGUAGE CODE | |
| Language code of text/sound track or separate title | arm |
| 044 ## - COUNTRY OF PUBLISHING/PRODUCING ENTITY CODE | |
| MARC country code | ai |
| 100 1# - MAIN ENTRY--PERSONAL NAME | |
| Personal name | Գևորգյան, Արա |
| 245 10 - TITLE STATEMENT | |
| Title | Կլիոյի հովանու ներքո ։ |
| Remainder of title | Հոդվածների ժողովածու / |
| Statement of responsibility, etc. | Ա. Գևորգյան ; [Խմբագիր-սրբագրիչ՝ Մ. Արիստակեսյան]. |
| 246 15 - VARYING FORM OF TITLE | |
| Title proper/short title | Под сенью Клио |
| 246 15 - VARYING FORM OF TITLE | |
| Title proper/short title | Under the shade of Clio |
| 260 ## - PUBLICATION, DISTRIBUTION, ETC. | |
| Place of publication, distribution, etc. | Երևան ։ |
| Name of publisher, distributor, etc. | Հեղինակային հրատ., |
| Date of publication, distribution, etc. | 2024. |
| Manufacturer | Էդիթ Պրինտ |
| 300 ## - PHYSICAL DESCRIPTION | |
| Extent | պրակ ; |
| Dimensions | 20 սմ. |
| 500 ## - GENERAL NOTE | |
| General note | Նվիրվում է Արցախյան ազատամարտի հերոս Լեոնիդ Ազգալդյանի պայծառ հիշատակին։ |
| 504 ## - BIBLIOGRAPHY, ETC. NOTE | |
| Bibliography, etc. note | Գրականություն՝ էջ 88-89։ |
| 505 10 - FORMATTED CONTENTS NOTE | |
| Miscellaneous information | Պր. Ա. (2024 ; 95 էջ) |
| 630 #4 - SUBJECT ADDED ENTRY--UNIFORM TITLE | |
| Uniform title | Հայոց պատմություն |
| 650 14 - SUBJECT ADDED ENTRY--TOPICAL TERM | |
| Topical term or geographic name entry element | Հայագիտություն |
| 9 (RLIN) | 4600 |
| 650 14 - SUBJECT ADDED ENTRY--TOPICAL TERM | |
| Topical term or geographic name entry element | Ռազմական գործ |
| General subdivision | Պատմություն |
| 700 1# - ADDED ENTRY--PERSONAL NAME | |
| Personal name | Արիստակեսյան, Մարգարիտ |
| Relator term | խմբագիր |
| Relationship | edt |
| Relator term | սրբագրիչ |
| Relationship | crr |
| 942 ## - ADDED ENTRY ELEMENTS (KOHA) | |
| Source of classification or shelving scheme | Universal Decimal Classification |
| Koha item type | Գրքեր / Books |
| Withdrawn status | Lost status | Source of classification or shelving scheme | Damaged status | Not for loan | Collection | Home library | Current library | Date acquired | Serial enumeration / chronology | Total checkouts | Full call number | Barcode | Date last seen | Price effective from | Koha item type | Public note |
|---|---|---|---|---|---|---|---|---|---|---|---|---|---|---|---|---|
| Universal Decimal Classification | General | Fundamental Scientific Library | Fundamental Scientific Library | 29/04/2025 | Պր. Ա | AII/113068 | FL0691602 | 29/04/2025 | 29/04/2025 | Գրքեր / Books | 30 Days Loan | |||||
| Universal Decimal Classification | General | Fundamental Scientific Library | Fundamental Scientific Library | 29/04/2025 | Պր. Ա | AII/113069 | FL0691603 | 29/04/2025 | 29/04/2025 | Գրքեր / Books | 30 Days Loan |
ՀՀ Գիտությունների ազգային ակադեմիայի հիմնարար գիտական գրադարան = Fundamental Scientific Library of NAS RA
All site content, except where otherwise noted, is licensed under a